La sociedad unipersonal (Registro nro. 30474)

Detalles MARC
000 -LEADER
fixed length control field 00353 a2200121 4500
001 - CONTROL NUMBER
control field ART_39626
005 - DATE AND TIME OF LATEST TRANSACTION
control field 20260410161952.0
008 - FIXED-LENGTH DATA ELEMENTS--GENERAL INFORMATION
fixed length control field 260409a
100 1# - MAIN ENTRY--PERSONAL NAME
Personal name Junyent Bas, Francisco
245 10 - TITLE STATEMENT
Title La sociedad unipersonal
700 1# - ADDED ENTRY--PERSONAL NAME
Personal name Ferrero, Facundo
773 0# - HOST ITEM ENTRY
Title Temas de derecho comercial
Related parts - Año 2, Nº 7 (jul. 2016)
Record control number REV28151

No hay ítems disponibles.